000 00676nam a2200205 4500
001 109412
003 ES-MaACL
005 20230906184834.0
007 t|
008 061121s1981 ck r ||||1| spa d
100 1 _aMújica, Elisa.
_984088
245 1 0 _aIntroducción a Santa Teresa /
_cElisa Mújica.
260 _aBogotá :
_bInstituto Colombiano de Cultura Hispánica,
_c1981.
300 _a162 p., 5 lám ;
_c24 cm.
595 _aEd. del Cuarto Centenario de la Santa de Ávila.
600 0 0 _aTeresa de Jesús,
_cSanta,
_d1515-1582
_9226510
710 2 _aInstituto Colombiano de Cultura Hispánica.
_94815
852 _aES-MaACL
_jL-5109
999 _c109412
_d109412